| 000 | 00544cam a22002171 4500 | ||
|---|---|---|---|
| 001 | sa 67005810 | ||
| 003 | DLC | ||
| 005 | 20260227112400.0 | ||
| 008 | 890916s1966 xx 000 0 tam | ||
| 010 | _asa 67005810 | ||
| 035 | _a(OCoLC)23543761 | ||
| 040 |
_aDLC _cMiU _dDLC |
||
| 042 | _apremarc | ||
| 050 | 0 | 0 |
_aGR305 _b.A63 |
| 100 | 1 |
_aAnnamalai, Perungalur Katheperumal Pillai, _d1916- |
|
| 245 | 1 | 0 | _aMaṇat tanti. |
| 260 | _c[1966] | ||
| 300 |
_a48 p. _c18 cm. |
||
| 500 | _aIn Tamil. | ||
| 650 | 0 |
_aTamil (Indic people) _xFolklore |
|
| 999 |
_c75473 _d75473 |
||